Medi, mig, mitjà, ambient : medi ambient? / medi ambient? /
Descripción Física:
2 pàgs. ; il. b/n ; 29 cm.
Colección:
Arrel : revista editada per la Diputació de Barcelona
; Núm. 19 (desembre, 1987) ; pàgs. 168-169
MARC
| LEADER | 00000nab a2200000 a 4500 | ||
|---|---|---|---|
| 001 | 10258 | ||
| 003 | Arxiu | ||
| 005 | 20260326124740.0 | ||
| 008 | 160829s9999 xx 000 0 cat d | ||
| 100 | |a Torrents, Ramon |9 42727 | ||
| 245 | |a Medi, mig, mitjà, ambient : |b medi ambient? / |c Ramon Torrents | ||
| 260 | |a Barcelona : |b Diputació de Barcelona ; |c 1987 | ||
| 300 | |a 2 pàgs. ; |b il. b/n ; |c 29 cm. | ||
| 490 | |a Arrel : revista editada per la Diputació de Barcelona ; |v Núm. 19 (desembre, 1987) ; pàgs. 168-169 |x 0211-562X | ||
| 650 | |a Ecologia |x Catalunya |9 44880 | ||
| 650 | |a Medi ambient |x Terminologia |x Català |9 44881 | ||
| 650 | |a Medi ambient |x Catalunya |9 44884 | ||
| 856 | 4 | |u https://media.diba.cat/diba/fitxers/arxiu/hemeroteca/arrel/10258/bib_10258_1987_n03_a26_baixa.pdf |y Accés lliure | |
| 901 | |a Arxiu | ||
| 942 | |n 1 |2 udc |c Articles de revista | ||
| 952 | |0 0 |1 0 |2 udc |4 0 |6 REV95 |7 1 |9 52224 |a Arxiu |b Arxiu |d 2016-12-01 |o Rev-95 |r 2016-12-01 00:00:00 |w 2016-12-01 |y ARXIU | ||
| 999 | |c 56072 |d 56072 | ||
| 900 | |a bib_10258_1987_n03_a26_baixa.pdf | ||